000
00239nam a2200097Ia 4500
008
120527s9999 xx 000 0 und d
100
_a
DOUGLAS and TURNER
245
_a
Engineering Mathematics
260
_b
Concrete Publication
942
_c
BK
999
_c
25625
_d
25625